Dar aamidi bar basan shanasi (Record no. 461527)

MARC details
000 -LEADER
fixed length control field 00656nam a2200253Ia 4500
003 - CONTROL NUMBER IDENTIFIER
control field OSt
005 - DATE AND TIME OF LATEST TRANSACTION
control field 20220924145910.0
008 - FIXED-LENGTH DATA ELEMENTS--GENERAL INFORMATION
fixed length control field 220923b |||||||| |||| 00| 0 per d
037 ## - SOURCE OF ACQUISITION
Terms of availability Textual
040 ## - CATALOGING SOURCE
Original cataloging agency ARTS
Transcribing agency ARTS
Language of cataloging per
041 ## - LANGUAGE CODE
Source of code per
Language code of text/sound track or separate title per
100 ## - MAIN ENTRY--PERSONAL NAME
Personal name Child Au.
9 (RLIN) 220812
245 #0 - TITLE STATEMENT
Title Dar aamidi bar basan shanasi
260 ## - PUBLICATION, DISTRIBUTION, ETC.
Date of publication, distribution, etc. 1939
650 ## - SUBJECT ADDED ENTRY--TOPICAL TERM
Topical term or geographic name entry element HISTORY
650 ## - SUBJECT ADDED ENTRY--TOPICAL TERM
Topical term or geographic name entry element ARCHEOLOGY
9 (RLIN) 2346
700 ## - ADDED ENTRY--PERSONAL NAME
Personal name Mayyeri Haidah Tr.
9 (RLIN) 220813
942 ## - ADDED ENTRY ELEMENTS (KOHA)
Classification part V:71, 164N2
Koha item type Textual
Source of classification or shelving scheme Colon Classification (CC)
Holdings
Withdrawn status Lost status Damaged status Not for loan Home library Current library Date acquired Total Checkouts Full call number Barcode Date last seen Price effective from Koha item type
        Arts Library Arts Library 2022-09-24   V:71 164N2 AL1063939 2022-09-24 2022-09-24 Textual
Copyright @ Delhi University Library System